Statistics for Every Camila Cabello song that hit the Billboard hot 100

Click here to take the quiz!

General Stats

  • This quiz has been taken 136 times
  • The average score is 5 of 7

Answer Stats

Peak Chart PositionYearSong% Correct
12018Havana
98%
62018Never Be The Same
84%
472017Crying In The Club
79%
202016I Know What You Did Last Summer
67%
812017OMG
65%
42017Bad Things
60%
872017Know No Better
31%

Score Distribution

Percentile by Number Answered

Percent of People with Each Score

Your Score History

You have not taken this quiz